000
00225 a2200097 4500
001
30419
100
_a
Waley, Arthur
245
_a
The No plays of Japan
260
_a
London
_b
George Allen and Unwin
_c
090
_c
20370
_d
20370
942
_a
NUST-CAE
_c
M
_c
11526
999
_c
265492
_d
265492